Detalles MARC
| 000 -LIDER |
| fixed length control field |
01148nam a2200373 b 4500 |
| 001 - NÚMERO DE CONTROL |
| Identificador de número de control |
0020313 |
| 003 - IDENTIFICACDOR DE NÚMERO DE CONTROL |
| control field |
DO-SdBNP |
| 005 - DATE AND TIME OF LATEST TRANSACTION |
| control field |
20171122112509.0 |
| 007 - CAMPOS FIJOS DE DESCRIPCIÓN FÍSICA |
| fixed length control field |
0020313 |
| 008 - ELEMENTOS DE LONGITUD FIJA |
| fixed length control field |
050617s2008 mx | ||| ||spa |
| 016 7# - NO. DE CONTROL DE LA AGENCIA BIB. NACIONAL |
| Record control number |
|
| Source |
BPMSU |
| 017 ## - NÚMERO DE REGISTRO DE DERECHOS DE AUTOR |
| Copyright or legal deposit number |
|
| Assigning agency |
|
| 020 ## - ISBN |
| International Standard Book Number |
9789708120821 |
| 035 ## - NÚMERO LOCAL |
| System control number |
|
| 040 ## - FUENTE DE CATALOGACIÓN |
| Agencia que crea de manera original el registro |
BPMSU |
| Idioma de catalogación |
spa |
| Agencia que realiza la transcripción |
BPMSU |
| Convenciones de la despripción |
|
| 080 #0 - NÚMERO DE CLASIFICACIÓN DECIMAL UNIVERSAL |
| Universal Decimal Classification number |
|
| 082 #4 - NÚMERO DE CLASIFICACIÓN DECIMAL DE DEWEY |
| Classification number |
U861.44 |
| Item number |
B462i |
| 100 1# - ASIENTO PRINCIPAL -- NOMBRE PERSONAL |
| Nombre personal |
Benedetti, Mario |
| Fechas asociadas con el nombre |
1920-2009 |
| 240 10 - TITULO UNIFORME |
| Título uniforme |
|
| Subencabezamiento de forma |
|
| 245 10 - MENCIÓN DE TITULO |
| Título |
Inventario / |
| Medio (Designación general de material) |
|
| Subtítulo |
|
| Mención de responsabilidad |
Mario Benedetti |
| 246 ## - VARIACION DEL TÍTULO |
| Título propiamente dicho o título corto |
Inventario 1 : |
| Subtítulo |
poesía completa 1950-1985 / |
| 246 ## - VARIACION DEL TÍTULO |
| Título propiamente dicho o título corto |
Inventario 2 |
| Subtítulo |
poesía completa 198619911 |
| 250 ## - MENCIÓN DE EDICION |
| Mención de edición |
reimpresión |
| 260 ## - PUBLICACIÓN, DISTRIBUCIÓN, ETC. (PIE DE IMPRENTA) |
| Lugar de publicación, distribución, etc |
México : |
| Nombre del editor, distribuidor, etc. |
Santillana Ediciones Generales, |
| Fecha de publicación, distribución, etc |
2008 |
| 300 ## - DESCRIPCIÓN FÍSICA |
| Extensión |
v. |
| Otros detalles físicos |
il. ; |
| Dimensiones |
22 cm |
| 490 1# - MENCIÓN DE SERIES |
| Mención de serie |
Punto de lectura |
| Volume/sequential designation |
11/12 |
| 505 ## - NOTA DE CONTENIDO |
| Información miscelánea |
v.1 Inventario 1 : poesía completa (1950-1985) -- v.2 Inventario 2 : poesía completa (1986-1991). |
| -- |
|
| 650 ## - ENCABEZAMIENTO DE MATERIA--TEMÁTICO |
| Término temático o nombre geográfico como elemento de entrada |
POESÍA URUGUAYA |
| Subdivisión de forma |
|
| 650 ## - ENCABEZAMIENTO DE MATERIA--TEMÁTICO |
| Término temático o nombre geográfico como elemento de entrada |
LITERATURA URUGUAYA |
| 830 #0 - ASIENTO SECUNDARIO DE SERIE--TÍTULO UNIFORME |
| Título uniforme |
Punto de lectura |
| Volume number/sequential designation |
11/12 |
| 942 ## - ADDED ENTRY ELEMENTS (KOHA) |
| Source of classification or shelving scheme |
Dewey Decimal Classification |
| Koha item type |
Libros |
| 945 ## - INFORMACIÓN DE PROCESAMIENTO LOCAL |
| Información de procesamiento local |
Ivnentariado extranjero / 2017 VM |
| 956 ## - LOCAL ELECTRONIC LOCATION AND ACCESS (OCLC) |
| Nombre de host |
VMATEO |
| Número de acceso |
10 |
| Información de compresión |
20160712 |
| Trayectoria |
BPMSU |
| Nombre Electrónico |
00069 |